000 00831nam a2200205Ia 4500
008 0000001989 sp a 0000000000spa00
090 _aPSP00 C38v
100 1 _aCivera, Victoria
_d1955
245 1 0 _aVictoria Civera
_b: obra reciente
_c/ fotos Kevin Noble, María Millán
300 _a[24] p.
_c/ 24 cm.
500 _aExposición realizada en la Galería Montenegro, Madrid, 1989 \ Texto bilingue: español e inglés \ Con el patronazgo del maestro venezolano Jesús Rafael Soto (q.e.p.d.)
600 0 0 _aCIVERA, VICTORIA, 1955/
_xTRABAJOS PICTORICOS
650 1 4 _aARTE CONTEMPORANEO ESPAÑOL
650 1 4 _xCATALOGOS
650 1 4 _xEXPOSICIONES
650 1 4 _aPINTORES ESPAÑOLES
650 1 4 _aPINTURA ESPAÑOLA
700 1 _aNoble, Kevin \ Millán, María
999 _c6772
_d6772
260 _aMadrid : Galería Montenegro
_c1989